Planning permission condition (Record no. 63872)
[ view plain ]
| 000 -LEADER | |
|---|---|
| fixed length control field | 00930cam a2200181 4500 |
| 001 - CONTROL NUMBER | |
| control field | X106689 |
| 008 - FIXED-LENGTH DATA ELEMENTS--GENERAL INFORMATION | |
| fixed length control field | 000000n2000 000 0 eng u |
| 035 ## - SYSTEM CONTROL NUMBER | |
| System control number | (Sirsi) u106689 |
| 245 ## - TITLE STATEMENT | |
| Title | Planning permission condition |
| 260 ## - PUBLICATION, DISTRIBUTION, ETC. | |
| Date of publication, distribution, etc. | 2000 |
| 490 ## - SERIES STATEMENT | |
| Series statement | Estates Gazette Case Summaries |
| Volume/sequential designation | [2000] EGCS 60 |
| 520 ## - SUMMARY, ETC. | |
| Summary, etc. | "Smith and others v Royce Properties Ltd" ChD 10 May 2000. Vendors taking option to repurchase part of land sold - Options excercisable in the event of planning permission being granted in respect of that part - Vendors obtaining permission for scheme relating to other property - Scheme requiring relocation of council allotments to part of land sold earlier. Whether option triggered by the permission so obtained. (Headnote) |
| 650 ## - SUBJECT ADDED ENTRY--TOPICAL TERM | |
| Topical term or geographic name entry element | PLANNING PERMISSION |
| 650 ## - SUBJECT ADDED ENTRY--TOPICAL TERM | |
| Topical term or geographic name entry element | OPTION TO REPURCHASE |
| 650 ## - SUBJECT ADDED ENTRY--TOPICAL TERM | |
| Topical term or geographic name entry element | ALLOTMENTS |
| 690 ## - LOCAL SUBJECT ADDED ENTRY--TOPICAL TERM (OCLC, RLIN) | |
| Topical term or geographic name as entry element | ENVIRONMENTAL AND LAND CONSULTANCY-PLANNING AND DEVELOPMENT |
| 942 ## - ADDED ENTRY ELEMENTS (KOHA) | |
| Suppress in OPAC | 0 |
| Withdrawn status | Lost status | Source of classification or shelving scheme | Damaged status | Not for loan | Home library | Current library | Shelving location | Date acquired | Total Checkouts | Full call number | Barcode | Date last seen | Copy number | Price effective from | Koha item type |
|---|---|---|---|---|---|---|---|---|---|---|---|---|---|---|---|
| Dewey Decimal Classification | London | London | Journal article | 22/06/2000 | X106689 | 106689-1001 | 06/08/2019 | 1 | 06/08/2019 | Law report |